Schachweltmeister - Statistiken

Allgemein
  • Dieses Quiz wurde 1.051 mal gespielt
    431 seit der letzten Aktualisierung
  • Das Durchschnittsergebnis liegt bei 10 aus 18
Antwortstatistiken
Zeitraum Weltmeister % Korrekt
16 2013-2023 Magnus Carlsen
96%
11 1972-1975 Bobby Fischer
84%
13 1985-2000 Garri Kasparow
84%
12 1975-1985 Anatoli Karpow
71%
17 2023-2024 Ding Liren
70%
18 2024-heute Gukesh Dommaraju
69%
15 2007-2013 Viswanathan Anand
59%
2 1894-1921 Emanuel Lasker
51%
10 1969-1972 Boris Spasski
50%
8 1960-1961 Michail Tal
49%
1 1886-1894 Wilhelm Steinitz
49%
14 2000-2007 Wladimir Kramnik
49%
3 1921-1927 José Raúl Capablanca
48%
6 1948-1957, 1958-1960, 1961-1963 Michail Botwinnik
36%
4 1927-1935, 1937-1946 Alexander Aljechin
33%
5 1935-1937 Max Euwe
33%
9 1963-1969 Tigran Petrosjan
31%
7 1957-1958 Wassili Smyslow
23%
Keine übereinstimmenden Quizze gefunden
Verteilung der Resultate
Anzahl Personen mit jedem Resultat
Perzentil nach korrekt beantworteten Fragen
Ihre Resultats-Entwicklung
Sie haben dieses Quiz seit der letzten Aktualisierung nicht gespielt